• 首页
  • 本馆介绍
  • 公告通知
  • 最新文献
  • 馆藏检索
  • 电子资源
  • 读者荐购
  • 参考咨询
  • CALIS
  • 我的图书馆
  • 登录
  • 详细信息显示
  • 放入我的书架
  • 预约/预借图书
  • 作者相关作品
  • 分类相关作品
  • 丛书相关作品
  • 出版社相关作品

书目信息

  • 表格格式
  • 工作单格式
  • 卡片格式
题名:
读者:最受欢迎的文章集萃之致敬青春
    
 
作者: 读者杂志社 编
分册:  
出版信息: 兰州   敦煌文艺出版社  2013.10
页数: 246页
开本: 24cm
丛书名:
单 册:
中图分类: Z89
科图分类:
主题词: 文摘 , 索引
电子资源:
ISBN: 7-5468-0592-9
 
 
 
 
 
000 00662nam0 2200205 450
001 1333680132
005 20131218093050.12
010    @a7-5468-0592-9@dRMB 26.00
100    @a20131218d2013 km y0chiy0120 ea
101 0  @achi
102    @aCN@b620000
200 1  @a读者:最受欢迎的文章集萃之致敬青春@Adu zhe:zui shou huan ying de wen zhang ji cui zhi zhi jing qing chun@f读者杂志社编@Fdu zhe za zhi she bian
210    @a兰州@c敦煌文艺出版社@d2013.10
215    @a246页@d24cm
606 0  @a文摘
606 0  @a索引
690    @aZ89@v4
701  0 @a读者杂志社@Adu zhe za zhi she@4编
801  0 @aCN@b大连网信软件有限公司图书馆·11@c20131218
905    @a10447@dZ89@eD7914
    
    读者:最受欢迎的文章集萃之致敬青春/读者杂志社编.-兰州:敦煌文艺出版社,2013.10
    246页;24cm
    
    
    ISBN 7-5468-0592-9:RMB 26.00
    
●
相关链接 在E读中查询图书 在当当中查询图书 在豆瓣中查询图书


正题名:读者:最受欢迎的文章集萃之致敬青春     索取号:Z89/D7914         预约/预借

序号 登录号 条形码 馆藏地/架位号 状态 备注
1 492390   204923903   自科库501/501自科库 132排2列3层/ [索取号:Z89/D7914] 在馆    
河南城建学院图书馆 欢迎您!
大连网信软件有限公司© 版权所有